[Event "EYCC 2024 - O16"]
[Site "?"]
[Date "2024.08.22"]
[Round "1.2"]
[White "Kassios, Dimitrios"]
[Black "Materia, Marco"]
[Result "0-1"]
[BlackElo "2457"]
[WhiteElo "2116"]
[LiveChessVersion "1.4.8"]

1. e4 {[%clk 1:30:56]} c5 {[%clk 1:30:57]} 2. Nf3 {[%clk 1:31:20]} d6
{[%clk 1:31:24]} 3. Bb5+ {[%clk 1:31:08]} Nd7 {[%clk 1:31:49]} 4. c3
{[%clk 1:30:30]} Ngf6 {[%clk 1:31:01]} 5. Qe2 {[%clk 1:30:00]} a6
{[%clk 1:26:35]} 6. Ba4 {[%clk 1:30:13]} g6 {[%clk 1:20:41]} 7. O-O
{[%clk 1:28:48]} Bg7 {[%clk 1:19:41]} 8. d4 {[%clk 1:27:06]} cxd4
{[%clk 1:17:08]} 9. cxd4 {[%clk 1:27:17]} O-O {[%clk 1:16:19]} 10. e5
{[%clk 1:15:50]} dxe5 {[%clk 1:10:30]} 11. dxe5 {[%clk 1:16:01]} Nd5
{[%clk 1:07:59]} 12. Rd1 {[%clk 1:06:24]} e6 {[%clk 0:58:33]} 13. Bb3
{[%clk 0:57:14]} Re8 {[%clk 0:44:42]} 14. Bg5 {[%clk 0:48:21]} Qc7
{[%clk 0:37:54]} 15. Bxd5 {[%clk 0:47:24]} exd5 {[%clk 0:38:19]} 16. Nc3
{[%clk 0:46:37]} Qc4 {[%clk 0:37:03]} 17. Qxc4 {[%clk 0:40:54]} dxc4
{[%clk 0:37:30]} 18. Nd5 Nxe5 {[%clk 0:36:35]} 19. Nxe5 {[%clk 0:35:12]} Bxe5
{[%clk 0:36:54]} 20. Re1 {[%clk 0:35:35]} Bf5 {[%clk 0:33:56]} 21. Bf6
{[%clk 0:30:59]} Bd6 {[%clk 0:33:44]} 22. Bc3 {[%clk 0:30:26]} Kf8
{[%clk 0:30:44]} 23. Nf6 {[%clk 0:29:55]} Rxe1+ {[%clk 0:30:13]} 24. Rxe1
{[%clk 0:30:24]} Be6 {[%clk 0:28:50]} 25. Nxh7+ {[%clk 0:29:15]} Ke7
{[%clk 0:29:12]} 26. Nf6 {[%clk 0:27:42]} a5 {[%clk 0:24:03]} 27. Ne4
{[%clk 0:24:18]} Bb4 {[%clk 0:22:58]} 28. Bf6+ {[%clk 0:24:38]} Kd7
{[%clk 0:22:28]} 29. Rd1+ {[%clk 0:25:04]} Kc6 {[%clk 0:22:38]} 30. f3
{[%clk 0:23:45]} b5 {[%clk 0:21:15]} 31. Kf2 {[%clk 0:21:17]} Re8
{[%clk 0:19:07]} 32. a3 {[%clk 0:13:36]} Bf8 {[%clk 0:18:36]} 33. Rd8
{[%clk 0:13:07]} Rxd8 {[%clk 0:18:23]} 34. Bxd8 {[%clk 0:13:36]} b4
{[%clk 0:15:58]} 35. axb4 {[%clk 0:12:21]} axb4 {[%clk 0:16:05]} 36. Ke3
{[%clk 0:10:36]} f5 {[%clk 0:12:38]} 37. Ng5 {[%clk 0:08:41]} c3 {[%clk 0:10:14]}
38. bxc3 {[%clk 0:06:58]} b3 {[%clk 0:10:38]} 39. Kd2 {[%clk 0:07:21]} Bc4
{[%clk 0:10:48]} 40. Nh3 {[%clk 0:06:37]} b2 {[%clk 0:11:11]} 41. Kc2
{[%clk 0:07:02]} Ba3 {[%clk 0:11:38]} 42. Nf4 {[%clk 0:05:26]} Ba2
{[%clk 0:12:05]} 0-1

[Event "EYCC 2024 - O16"]
[Site "?"]
[Date "2024.08.22"]
[Round "1.3"]
[White "Durak, Can"]
[Black "Lyakh, Vasiliy"]
[Result "1-0"]
[BlackElo "2115"]
[WhiteElo "2442"]
[LiveChessVersion "1.4.8"]

1. Nf3 {[%clk 1:30:06]} d5 {[%clk 1:30:52]} 2. g3 {[%clk 1:29:44]} Nf6
{[%clk 1:31:11]} 3. Bg2 {[%clk 1:29:52]} c6 {[%clk 1:28:53]} 4. O-O
{[%clk 1:30:04]} Bf5 {[%clk 1:29:21]} 5. d3 {[%clk 1:29:27]} e6 {[%clk 1:29:45]}
6. Nh4 {[%clk 1:29:32]} Bg4 {[%clk 1:30:10]} 7. h3 {[%clk 1:29:23]} Bh5
{[%clk 1:30:39]} 8. f4 {[%clk 1:29:16]} Bc5+ {[%clk 1:24:12]} 9. Kh1
{[%clk 1:29:16]} Be7 {[%clk 1:17:11]} 10. Qe1 {[%clk 1:29:20]} Nfd7
{[%clk 1:17:07]} 11. e4 {[%clk 1:29:22]} Bxh4 {[%clk 1:14:56]} 12. gxh4
{[%clk 1:29:43]} O-O {[%clk 1:13:48]} 13. Qg3 {[%clk 1:27:25]} dxe4
{[%clk 1:10:04]} 14. dxe4 {[%clk 1:27:16]} Na6 {[%clk 1:02:37]} 15. Nc3
{[%clk 1:27:19]} e5 {[%clk 1:01:01]} 16. f5 {[%clk 1:20:43]} f6 {[%clk 1:00:04]}
17. Rg1 {[%clk 1:20:27]} Qe7 {[%clk 0:51:44]} 18. Bf1 {[%clk 1:20:41]} Nb6
{[%clk 0:51:55]} 19. Be3 {[%clk 1:17:59]} Rfd8 {[%clk 0:42:24]} 20. a4
{[%clk 1:16:30]} Kh8 {[%clk 0:42:25]} 21. Rg2 {[%clk 1:14:15]} Rg8
{[%clk 0:33:18]} 22. a5 {[%clk 1:07:42]} Nd7 {[%clk 0:33:21]} 23. b3
{[%clk 1:06:37]} Qb4 {[%clk 0:26:23]} 24. Bc1 {[%clk 1:06:17]} Bf7
{[%clk 0:25:52]} 25. Ba3 {[%clk 1:06:12]} Qxa5 {[%clk 0:25:35]} 26. Bf8
{[%clk 1:06:36]} Nxf8 {[%clk 0:24:11]} 27. Rxa5 {[%clk 1:07:04]} Nc7
{[%clk 0:24:26]} 28. Qf2 {[%clk 1:07:33]} b6 {[%clk 0:24:39]} 29. Ra1
{[%clk 1:08:03]} Nd7 {[%clk 0:24:53]} 30. Rd1 {[%clk 1:08:14]} Rad8
{[%clk 0:25:14]} 31. Rg3 {[%clk 1:08:17]} 1-0

[Event "EYCC 2024 - O16"]
[Site "?"]
[Date "2024.08.22"]
[Round "1.4"]
[White "Ostrovsky Berman, Noam"]
[Black "Tabuenca Mendataurigoitia, Daniel"]
[Result "1-0"]
[BlackElo "2431"]
[WhiteElo "2098"]
[LiveChessVersion "1.4.8"]

1. e4 {[%clk 1:30:55]} c6 {[%clk 1:30:45]} 2. d4 {[%clk 1:31:19]} d5
{[%clk 1:31:08]} 3. Nd2 {[%clk 1:30:51]} dxe4 {[%clk 1:31:30]} 4. Nxe4
{[%clk 1:31:17]} Nf6 {[%clk 1:31:51]} 5. Nxf6+ {[%clk 1:31:42]} exf6
{[%clk 1:32:13]} 6. c3 {[%clk 1:32:07]} Bd6 {[%clk 1:32:30]} 7. Bd3
{[%clk 1:32:31]} O-O {[%clk 1:32:47]} 8. Qc2 {[%clk 1:32:58]} Re8+
{[%clk 1:33:09]} 9. Ne2 {[%clk 1:33:22]} h5 {[%clk 1:33:25]} 10. O-O
{[%clk 1:33:45]} h4 {[%clk 1:33:28]} 11. Nf4 {[%clk 1:33:03]} Nd7
{[%clk 1:32:51]} 12. Qd1 {[%clk 1:33:24]} Nf8 {[%clk 1:32:13]} 13. Qh5
{[%clk 1:33:46]} Qc7 {[%clk 1:31:28]} 14. g3 {[%clk 1:33:25]} Qd7
{[%clk 1:30:04]} 15. f3 {[%clk 1:23:13]} hxg3 {[%clk 1:16:46]} 16. hxg3
{[%clk 1:23:36]} Bxf4 {[%clk 1:17:07]} 17. Bxf4 {[%clk 1:23:51]} Qh3
{[%clk 1:17:33]} 18. Qxh3 {[%clk 1:15:27]} Bxh3 {[%clk 1:17:56]} 19. Rfe1
{[%clk 1:14:13]} Be6 {[%clk 1:10:28]} 20. g4 {[%clk 1:03:33]} Bd5
{[%clk 1:02:35]} 21. Kf2 {[%clk 1:01:21]} Rxe1 {[%clk 0:57:37]} 22. Rxe1
{[%clk 0:58:49]} Bxa2 {[%clk 0:56:45]} 23. Re7 {[%clk 0:40:39]} b5
{[%clk 0:50:14]} 24. Be4 {[%clk 0:30:56]} Bd5 {[%clk 0:43:57]} 25. Bxd5
{[%clk 0:28:23]} cxd5 {[%clk 0:44:26]} 26. Rb7 {[%clk 0:26:29]} a6
{[%clk 0:39:43]} 27. Bg3 {[%clk 0:26:24]} g6 {[%clk 0:26:13]} 28. Rb6
{[%clk 0:26:12]} Ne6 {[%clk 0:25:49]} 29. Rd6 {[%clk 0:26:15]} b4
{[%clk 0:24:52]} 30. cxb4 {[%clk 0:19:21]} Rc8 {[%clk 0:14:50]} 31. Rxd5
{[%clk 0:14:47]} Rc2+ {[%clk 0:13:01]} 32. Ke3 {[%clk 0:15:10]} Rxb2
{[%clk 0:13:19]} 33. Bd6 {[%clk 0:15:02]} Rb3+ {[%clk 0:12:13]} 34. Kf2
{[%clk 0:13:00]} Ng5 {[%clk 0:08:11]} 35. Be7 {[%clk 0:08:03]} Kg7
{[%clk 0:04:10]} 36. Ke2 {[%clk 0:05:57]} Ne6 {[%clk 0:03:36]} 37. Rd6
{[%clk 0:04:52]} Rb2+ {[%clk 0:02:02]} 38. Ke3 {[%clk 0:04:15]} Rb3+
{[%clk 0:00:38]} 39. Kf2 {[%clk 0:04:40]} Rxb4 {[%clk 0:00:49]} 40. d5
{[%clk 0:04:56]} Nf4 {[%clk 0:00:36]} 41. Bxf6+ {[%clk 0:05:13]} Kh7
{[%clk 0:00:37]} 42. Rd8 {[%clk 0:01:58]} g5 {[%clk 0:00:59]} 43. d6
{[%clk 0:01:32]} Kg6 {[%clk 0:00:41]} 44. Bc3 {[%clk 0:01:09]} Rb3
{[%clk 0:00:32]} 45. Rg8+ {[%clk 0:01:34]} Kh7 {[%clk 0:00:52]} 46. d7
{[%clk 0:01:11]} Ne6 {[%clk 0:00:53]} 47. Rh8+ {[%clk 0:01:22]} Kg6
{[%clk 0:01:18]} 48. Re8 {[%clk 0:01:45]} Rxc3 {[%clk 0:01:02]} 49. Rxe6+
{[%clk 0:02:11]} fxe6 {[%clk 0:01:28]} 50. d8=Q {[%clk 0:02:37]} Rc2+
{[%clk 0:01:31]} 51. Ke3 {[%clk 0:02:59]} Rc1 {[%clk 0:01:54]} 52. Qe8+
{[%clk 0:02:29]} Kf6 {[%clk 0:02:17]} 53. Qd8+ {[%clk 0:01:22]} Kg6
{[%clk 0:02:43]} 54. Qd3+ {[%clk 0:01:38]} Kf6 {[%clk 0:02:44]} 55. Qxa6
{[%clk 0:01:58]} Rc5 {[%clk 0:02:30]} 56. f4 {[%clk 0:01:23]} Rc3+
{[%clk 0:02:25]} 57. Ke4 {[%clk 0:01:42]} Rg3 {[%clk 0:02:23]} 58. fxg5+
{[%clk 0:01:53]} Kxg5 {[%clk 0:02:47]} 59. Qb5+ {[%clk 0:02:18]} Kxg4
{[%clk 0:02:54]} 60. Qe8 {[%clk 0:02:20]} Kh3 {[%clk 0:03:07]} 61. Qxe6+
{[%clk 0:02:29]} Kg2 {[%clk 0:03:24]} 62. Qa2+ {[%clk 0:02:32]} Kh3
{[%clk 0:03:49]} 63. Qb2 {[%clk 0:02:34]} Rg4+ {[%clk 0:04:10]} 64. Kf5
{[%clk 0:02:53]} Rg3 {[%clk 0:04:29]} 65. Qe2 {[%clk 0:02:46]} Rg2
{[%clk 0:04:19]} 66. Qf1 {[%clk 0:02:17]} Kg3 {[%clk 0:04:00]} 67. Qf4+
{[%clk 0:02:19]} Kh3 {[%clk 0:04:28]} 68. Qf3+ {[%clk 0:02:11]} Kh2
{[%clk 0:04:52]} 69. Kf4 {[%clk 0:02:23]} Kg1 {[%clk 0:04:57]} 70. Qd1+
{[%clk 0:02:16]} Kh2 {[%clk 0:05:16]} 71. Qe1 {[%clk 0:01:47]} Rg1
{[%clk 0:05:04]} 72. Qh4+ {[%clk 0:01:31]} Kg2 {[%clk 0:05:33]} 73. Qg3+
{[%clk 0:01:53]} Kf1 {[%clk 0:06:00]} 74. Qf3+ {[%clk 0:02:19]} Ke1
{[%clk 0:06:26]} 75. Ke3 {[%clk 0:02:43]} Rg3 {[%clk 0:06:26]} 76. Qxg3+
{[%clk 0:03:09]} Kd1 {[%clk 0:06:54]} 77. Qf2 {[%clk 0:03:32]} Kc1
{[%clk 0:07:21]} 78. Kd3 {[%clk 0:03:57]} Kb1 {[%clk 0:07:47]} 79. Kc3
{[%clk 0:04:24]} Ka1 {[%clk 0:08:14]} 80. Qb2# {[%clk 0:04:50]} 1-0

[Event "EYCC 2024 - O16"]
[Site "?"]
[Date "2024.08.22"]
[Round "1.5"]
[White "Magold, Filip"]
[Black "Raptis, Filippos"]
[Result "1-0"]
[BlackElo "2098"]
[WhiteElo "2425"]
[LiveChessVersion "1.4.8"]

1. e4 {[%clk 1:30:38]} c5 {[%clk 1:30:50]} 2. Nf3 {[%clk 1:31:00]} Nc6
{[%clk 1:31:14]} 3. Nc3 {[%clk 1:31:27]} Nf6 {[%clk 1:30:36]} 4. Bb5
{[%clk 1:31:33]} Qc7 {[%clk 1:30:41]} 5. O-O {[%clk 1:31:51]} Nd4
{[%clk 1:29:59]} 6. Bc4 {[%clk 1:30:00]} e6 {[%clk 1:26:14]} 7. h3
{[%clk 1:20:23]} d6 {[%clk 1:23:23]} 8. d3 {[%clk 1:18:33]} Be7 {[%clk 1:18:48]}
9. Nxd4 {[%clk 1:13:01]} cxd4 {[%clk 1:19:10]} 10. Nb5 {[%clk 1:10:36]} Qb6
{[%clk 1:18:38]} 11. c3 {[%clk 1:09:58]} dxc3 {[%clk 1:16:16]} 12. Be3
{[%clk 1:05:49]} Qd8 {[%clk 1:11:14]} 13. Nxc3 {[%clk 1:05:42]} O-O
{[%clk 1:10:40]} 14. Qb3 {[%clk 1:05:43]} b6 {[%clk 1:05:01]} 15. d4
{[%clk 0:54:55]} Bb7 {[%clk 0:57:17]} 16. Bd3 {[%clk 0:53:59]} Rc8
{[%clk 0:45:38]} 17. a4 {[%clk 0:52:16]} d5 {[%clk 0:33:16]} 18. e5
{[%clk 0:51:37]} Ne4 {[%clk 0:33:27]} 19. Ne2 {[%clk 0:44:26]} Bg5
{[%clk 0:28:23]} 20. f4 {[%clk 0:44:47]} Bh4 {[%clk 0:27:28]} 21. Kh2
{[%clk 0:42:58]} a5 {[%clk 0:27:47]} 22. f5 {[%clk 0:38:45]} Bg5 {[%clk 0:13:11]}
23. fxe6 {[%clk 0:36:54]} Bxe3 {[%clk 0:04:39]} 24. exf7+ {[%clk 0:33:10]} Kh8
{[%clk 0:05:02]} 25. Bxe4 {[%clk 0:33:26]} Qg5 {[%clk 0:00:33]} 26. Rf5
{[%clk 0:24:53]} Qg6 {[%clk 0:00:34]} 27. Qxe3 {[%clk 0:24:50]} dxe4
{[%clk 0:00:59]} 28. Raf1 {[%clk 0:24:41]} Bd5 {[%clk 0:00:32]} 29. Nc3
{[%clk 0:24:25]} Bc4 {[%clk 0:00:52]} 30. R1f2 {[%clk 0:24:02]} 1-0

[Event "EYCC 2024 - O16"]
[Site "?"]
[Date "2024.08.22"]
[Round "1.6"]
[White "Artemov, Andriy"]
[Black "Nemec, Jachym"]
[Result "0-1"]
[BlackElo "2414"]
[WhiteElo "2096"]
[LiveChessVersion "1.4.8"]

1. d4 {[%clk 1:30:59]} Nf6 {[%clk 1:30:55]} 2. Nf3 {[%clk 1:31:00]} d5
{[%clk 1:31:09]} 3. g3 {[%clk 1:30:48]} c6 {[%clk 1:27:16]} 4. Bg2
{[%clk 1:30:30]} Bf5 {[%clk 1:27:23]} 5. c4 {[%clk 1:28:18]} e6 {[%clk 1:26:47]}
6. Nc3 {[%clk 1:28:36]} h6 {[%clk 1:25:14]} 7. Qb3 {[%clk 1:27:10]} Qb6
{[%clk 1:22:10]} 8. c5 {[%clk 1:27:20]} Qc7 {[%clk 1:18:20]} 9. Bf4
{[%clk 1:25:45]} Qc8 {[%clk 1:18:45]} 10. O-O {[%clk 1:23:38]} Be7
{[%clk 1:19:06]} 11. Qa4 {[%clk 1:15:20]} Nbd7 {[%clk 1:18:39]} 12. b4
{[%clk 1:14:19]} a6 {[%clk 1:16:45]} 13. Qb3 {[%clk 1:12:30]} Ne4
{[%clk 1:15:44]} 14. Nd2 {[%clk 1:07:31]} Nxd2 {[%clk 1:13:35]} 15. Bxd2
{[%clk 1:07:55]} O-O {[%clk 1:13:43]} 16. Rfe1 {[%clk 1:04:02]} Bf6
{[%clk 1:12:47]} 17. e4 {[%clk 1:00:04]} dxe4 {[%clk 1:10:33]} 18. Nxe4
{[%clk 1:00:09]} Bxe4 {[%clk 1:10:52]} 19. Bxe4 {[%clk 0:59:58]} a5
{[%clk 1:02:02]} 20. Bc3 {[%clk 0:46:53]} axb4 {[%clk 1:02:04]} 21. Qxb4
{[%clk 0:47:15]} Ra7 {[%clk 0:52:11]} 22. Bc2 {[%clk 0:43:19]} Bd8
{[%clk 0:44:13]} 23. Bb2 {[%clk 0:38:09]} Nf6 {[%clk 0:41:54]} 24. Qc4
{[%clk 0:37:47]} Nd5 {[%clk 0:37:50]} 25. Qd3 {[%clk 0:37:58]} g6
{[%clk 0:37:31]} 26. Bb3 {[%clk 0:37:20]} Bf6 {[%clk 0:37:08]} 27. h4
{[%clk 0:35:11]} h5 {[%clk 0:36:32]} 28. Qf3 {[%clk 0:33:37]} Bg7
{[%clk 0:36:15]} 29. g4 {[%clk 0:27:35]} hxg4 {[%clk 0:35:05]} 30. Qxg4
{[%clk 0:27:59]} Qd8 {[%clk 0:34:03]} 31. Rad1 {[%clk 0:26:03]} Nf6
{[%clk 0:32:16]} 32. Qf3 {[%clk 0:25:42]} Nh5 {[%clk 0:30:41]} 33. Re4
{[%clk 0:24:33]} Qf6 {[%clk 0:29:53]} 34. Qe3 {[%clk 0:23:23]} Kh7
{[%clk 0:26:42]} 35. Bc1 {[%clk 0:23:26]} Qf5 {[%clk 0:25:42]} 36. Re1
{[%clk 0:20:19]} Nf6 {[%clk 0:18:24]} 37. Rf4 {[%clk 0:13:36]} Nd5
{[%clk 0:18:21]} 38. Rxf5 {[%clk 0:13:52]} Nxe3 {[%clk 0:18:46]} 39. Rxf7
{[%clk 0:11:22]} Rxf7 {[%clk 0:18:52]} 40. Bxe3 {[%clk 0:10:17]} Bf6
{[%clk 0:18:13]} 41. Kg2 {[%clk 0:09:41]} Re7 {[%clk 0:14:38]} 42. f4
{[%clk 0:09:33]} Kg7 {[%clk 0:12:55]} 43. Bf2 {[%clk 0:09:06]} Ra8
{[%clk 0:12:36]} 44. Kf3 {[%clk 0:06:11]} Rd8 {[%clk 0:09:40]} 45. Re4
{[%clk 0:06:01]} Red7 {[%clk 0:08:42]} 46. Bxe6 {[%clk 0:02:19]} Re7
{[%clk 0:09:08]} 47. f5 {[%clk 0:02:32]} gxf5 {[%clk 0:08:01]} 48. Bxf5
{[%clk 0:02:56]} Rxe4 {[%clk 0:08:27]} 49. Kxe4 {[%clk 0:03:17]} Re8+
{[%clk 0:07:49]} 50. Kd3 {[%clk 0:03:25]} Rh8 {[%clk 0:07:12]} 51. Bg4
{[%clk 0:03:28]} Ra8 {[%clk 0:04:19]} 52. Be6 {[%clk 0:03:46]} Kf8
{[%clk 0:04:42]} 53. Bb3 {[%clk 0:03:27]} Ke7 {[%clk 0:04:36]} 54. h5
{[%clk 0:03:10]} Rh8 {[%clk 0:04:42]} 55. Bd1 {[%clk 0:03:32]} Rg8
{[%clk 0:04:58]} 56. Be3 {[%clk 0:02:34]} Rg2 {[%clk 0:05:07]} 57. Bb3
{[%clk 0:02:19]} Bg5 {[%clk 0:02:19]} 58. Bxg5+ {[%clk 0:02:23]} Rxg5
{[%clk 0:02:48]} 59. Bd1 {[%clk 0:01:59]} Kf6 {[%clk 0:03:05]} 60. Kc4
{[%clk 0:01:26]} Rg1 {[%clk 0:03:27]} 61. Bb3 {[%clk 0:00:46]} Rh1
{[%clk 0:03:00]} 62. d5 {[%clk 0:00:39]} Ke5 {[%clk 0:02:25]} 63. dxc6
{[%clk 0:00:44]} bxc6 {[%clk 0:02:50]} 64. Kb4 {[%clk 0:00:37]} Rxh5
{[%clk 0:01:44]} 65. Kc3 {[%clk 0:00:34]} Ke4 {[%clk 0:00:54]} 66. Kc4
{[%clk 0:00:38]} Ke3 {[%clk 0:00:58]} 67. Ba4 {[%clk 0:00:35]} Rh4+
{[%clk 0:01:08]} 68. Kb3 {[%clk 0:01:03]} Rh6 {[%clk 0:01:27]} 69. Kc4
{[%clk 0:00:38]} Ke4 {[%clk 0:01:32]} 70. Bb3 {[%clk 0:00:43]} Ke5
{[%clk 0:01:37]} 71. Kc3 {[%clk 0:00:36]} Kf6 {[%clk 0:00:50]} 72. Kb4
{[%clk 0:00:32]} Ke7 {[%clk 0:01:03]} 73. Ka5 {[%clk 0:00:32]} Kd7
{[%clk 0:01:27]} 74. Kb6 {[%clk 0:00:38]} Rh4 {[%clk 0:01:47]} 75. Ka5
{[%clk 0:00:31]} Kc7 {[%clk 0:02:11]} 76. Be6 {[%clk 0:00:35]} Kb7
{[%clk 0:02:24]} 77. Bb3 {[%clk 0:00:53]} Re4 {[%clk 0:02:16]} 78. Bf7
{[%clk 0:00:57]} Ka7 {[%clk 0:02:00]} 79. Bb3 {[%clk 0:01:13]} Re8
{[%clk 0:01:44]} 80. Kb4 {[%clk 0:01:17]} Kb7 {[%clk 0:01:58]} 81. Kc4
{[%clk 0:01:05]} Ka6 {[%clk 0:01:33]} 82. Bc2 {[%clk 0:00:32]} Ka5
{[%clk 0:01:46]} 83. a3 {[%clk 0:00:31]} Re2 {[%clk 0:01:29]} 84. Bd3
{[%clk 0:00:41]} Re6 {[%clk 0:01:35]} 85. Bc2 {[%clk 0:00:41]} Rh6
{[%clk 0:01:27]} 86. Kc3 {[%clk 0:00:32]} Kb5 {[%clk 0:01:17]} 87. Kd4
{[%clk 0:00:39]} Rh4+ {[%clk 0:01:37]} 88. Kc3 {[%clk 0:00:33]} Kxc5
{[%clk 0:02:05]} 89. Bd3 {[%clk 0:00:44]} Ra4 {[%clk 0:02:26]} 90. Kb3
{[%clk 0:00:58]} Ra8 {[%clk 0:02:49]} 91. Bg6 {[%clk 0:00:32]} Kd4
{[%clk 0:02:49]} 92. Bf7 {[%clk 0:00:38]} c5 {[%clk 0:02:56]} 93. a4
{[%clk 0:00:43]} Rb8+ {[%clk 0:03:00]} 94. Kc2 {[%clk 0:00:59]} c4
{[%clk 0:03:25]} 95. Be6 {[%clk 0:01:23]} Re8 {[%clk 0:03:51]} 96. Bd7
{[%clk 0:01:27]} Re2+ {[%clk 0:04:16]} 97. Kd1 {[%clk 0:01:47]} Ra2
{[%clk 0:04:41]} 98. Kc1 {[%clk 0:01:37]} Kc3 {[%clk 0:04:50]} 99. Kb1
{[%clk 0:01:59]} Rb2+ {[%clk 0:05:10]} 100. Kc1 {[%clk 0:01:45]} Rb7
{[%clk 0:05:36]} 101. Bc6 {[%clk 0:01:58]} Rc7 {[%clk 0:06:02]} 102. Bd5
{[%clk 0:01:58]} Rd7 {[%clk 0:06:28]} 103. Bc6 {[%clk 0:02:21]} Re7
{[%clk 0:06:54]} 0-1

[Event "EYCC 2024 - O16"]
[Site "?"]
[Date "2024.08.22"]
[Round "1.7"]
[White "Habans Aguerrea, Javier"]
[Black "Pressler, Tobias"]
[Result "1-0"]
[BlackElo "2088"]
[WhiteElo "2395"]
[LiveChessVersion "1.4.8"]

1. c4 {[%clk 1:30:57]} Nf6 {[%clk 1:29:42]} 2. Nc3 {[%clk 1:31:05]} c5
{[%clk 1:29:37]} 3. Nf3 {[%clk 1:31:16]} Nc6 {[%clk 1:29:11]} 4. d4
{[%clk 1:31:36]} cxd4 {[%clk 1:29:30]} 5. Nxd4 {[%clk 1:32:04]} g6
{[%clk 1:29:36]} 6. g3 {[%clk 1:32:10]} Bg7 {[%clk 1:29:38]} 7. Bg2
{[%clk 1:32:37]} O-O {[%clk 1:29:47]} 8. O-O {[%clk 1:33:04]} Nxd4
{[%clk 1:23:44]} 9. Qxd4 {[%clk 1:33:31]} d6 {[%clk 1:23:42]} 10. Qd3
{[%clk 1:32:22]} Nd7 {[%clk 1:14:55]} 11. b3 {[%clk 1:30:07]} Nc5
{[%clk 1:14:58]} 12. Qe3 {[%clk 1:22:09]} Bd7 {[%clk 1:08:45]} 13. Bd2
{[%clk 1:20:22]} Bc6 {[%clk 1:06:41]} 14. Rac1 {[%clk 1:20:04]} a5
{[%clk 0:54:41]} 15. Rfd1 {[%clk 1:17:44]} Re8 {[%clk 0:51:04]} 16. h4
{[%clk 1:16:29]} Ne6 {[%clk 0:44:53]} 17. Nd5 {[%clk 1:12:13]} Qb8
{[%clk 0:32:03]} 18. Bh3 {[%clk 1:04:15]} Nd4 {[%clk 0:23:58]} 19. Bc3
{[%clk 1:01:50]} e5 {[%clk 0:23:59]} 20. Bg2 {[%clk 1:00:50]} Ra7
{[%clk 0:06:54]} 21. Qd2 {[%clk 0:59:41]} Qd8 {[%clk 0:03:08]} 22. e3
{[%clk 0:59:45]} Ne6 {[%clk 0:03:00]} 23. Bb2 {[%clk 0:59:50]} Ra6
{[%clk 0:00:50]} 24. Ba3 {[%clk 0:59:14]} Nc5 {[%clk 0:00:41]} 25. Nc3
{[%clk 0:59:12]} Bxg2 {[%clk 0:00:32]} 26. Kxg2 {[%clk 0:59:40]} Qc8
{[%clk 0:00:47]} 27. Nb5 {[%clk 0:59:42]} Bf8 {[%clk 0:00:44]} 28. Qd5
{[%clk 0:59:50]} e4 {[%clk 0:00:36]} 29. Bxc5 {[%clk 0:58:52]} dxc5
{[%clk 0:00:44]} 30. Qd7 {[%clk 0:59:01]} Rc6 {[%clk 0:00:31]} 31. Qxc8
{[%clk 0:58:31]} Rcxc8 {[%clk 0:00:59]} 32. Rd7 {[%clk 0:58:58]} Rcd8
{[%clk 0:01:13]} 33. Rcd1 {[%clk 0:58:48]} Rxd7 {[%clk 0:01:09]} 34. Rxd7
{[%clk 0:59:16]} b6 {[%clk 0:01:00]} 35. Rb7 {[%clk 0:59:05]} Rd8
{[%clk 0:01:07]} 36. Rxb6 {[%clk 0:59:26]} Rd2 {[%clk 0:01:23]} 37. Nc3
{[%clk 0:58:58]} Bh6 {[%clk 0:00:57]} 38. Nxe4 {[%clk 0:58:59]} Rxa2
{[%clk 0:01:20]} 39. Kf3 {[%clk 0:59:20]} a4 {[%clk 0:01:10]} 40. Nc3
{[%clk 0:59:11]} 1-0

[Event "EYCC 2024 - O16"]
[Site "?"]
[Date "2024.08.22"]
[Round "1.8"]
[White "Panda, Barnabas"]
[Black "Sierra Vallina, Lionel"]
[Result "1/2-1/2"]
[BlackElo "2393"]
[WhiteElo "2081"]
[LiveChessVersion "1.4.8"]

1. d4 {[%clk 1:30:52]} d5 {[%clk 1:30:41]} 2. c4 {[%clk 1:31:02]} e6
{[%clk 1:30:52]} 3. Nf3 {[%clk 1:31:08]} Nf6 {[%clk 1:31:05]} 4. Nc3
{[%clk 1:31:20]} Nbd7 {[%clk 1:30:49]} 5. c5 {[%clk 1:30:09]} c6 {[%clk 1:29:12]}
6. Bf4 {[%clk 1:25:31]} a5 {[%clk 1:26:00]} 7. a3 {[%clk 1:20:30]} Nh5
{[%clk 1:18:01]} 8. e3 {[%clk 1:12:32]} Nxf4 {[%clk 1:14:42]} 9. exf4
{[%clk 1:12:51]} Qc7 {[%clk 0:55:49]} 10. g3 {[%clk 1:10:07]} b6 {[%clk 0:52:48]}
11. b4 {[%clk 1:06:23]} f6 {[%clk 0:49:33]} 12. Bh3 {[%clk 0:57:05]} axb4
{[%clk 0:37:33]} 13. axb4 {[%clk 0:56:50]} Rxa1 {[%clk 0:37:53]} 14. Qxa1
{[%clk 0:57:12]} bxc5 {[%clk 0:38:01]} 15. bxc5 {[%clk 0:53:17]} e5
{[%clk 0:35:33]} 16. fxe5 {[%clk 0:48:22]} Nxe5 {[%clk 0:33:40]} 17. Nxe5
{[%clk 0:44:56]} fxe5 {[%clk 0:32:27]} 18. Qa8 {[%clk 0:34:24]} exd4
{[%clk 0:27:25]} 19. Na4 {[%clk 0:29:55]} Kd8 {[%clk 0:20:23]} 20. Nb6
{[%clk 0:27:46]} Qb7 {[%clk 0:18:17]} 21. Qxc8+ {[%clk 0:25:31]} Qxc8
{[%clk 0:18:38]} 22. Nxc8 {[%clk 0:25:55]} Bxc5 {[%clk 0:18:57]} 23. O-O
{[%clk 0:20:07]} Kc7 {[%clk 0:18:24]} 24. Rc1 {[%clk 0:19:12]} Bb4
{[%clk 0:16:21]} 25. Rd1 {[%clk 0:14:58]} Bc5 {[%clk 0:11:26]} 26. Rc1
{[%clk 0:11:13]} 1/2-1/2

[Event "EYCC 2024 - O16"]
[Site "?"]
[Date "2024.08.22"]
[Round "1.9"]
[White "Agasarov, Benik"]
[Black "Snedker, Oliver Kaehne"]
[Result "1-0"]
[BlackElo "2080"]
[WhiteElo "2387"]
[LiveChessVersion "1.4.8"]

1. d4 {[%clk 1:30:56]} d5 {[%clk 1:30:56]} 2. Nf3 {[%clk 1:31:18]} Nf6
{[%clk 1:31:21]} 3. c4 {[%clk 1:26:06]} c6 {[%clk 1:31:39]} 4. e3
{[%clk 1:25:23]} e6 {[%clk 1:31:11]} 5. Nbd2 {[%clk 1:25:37]} Nbd7
{[%clk 1:28:34]} 6. b3 {[%clk 1:25:39]} Ne4 {[%clk 1:09:27]} 7. Nxe4
{[%clk 1:17:06]} dxe4 {[%clk 1:09:30]} 8. Nd2 {[%clk 1:17:30]} f5
{[%clk 1:06:22]} 9. Bb2 {[%clk 1:13:34]} Nf6 {[%clk 1:04:48]} 10. Be2
{[%clk 1:07:13]} Be7 {[%clk 0:57:46]} 11. O-O {[%clk 1:01:56]} O-O
{[%clk 0:57:21]} 12. f3 {[%clk 1:00:10]} exf3 {[%clk 0:55:12]} 13. Bxf3
{[%clk 1:00:20]} c5 {[%clk 0:47:08]} 14. Qe2 {[%clk 0:57:27]} Qc7
{[%clk 0:38:57]} 15. g3 {[%clk 0:37:52]} Bd6 {[%clk 0:36:28]} 16. b4
{[%clk 0:20:06]} cxb4 {[%clk 0:28:47]} 17. e4 {[%clk 0:19:20]} Nxe4
{[%clk 0:16:23]} 18. Nxe4 {[%clk 0:19:17]} fxe4 {[%clk 0:16:47]} 19. Bxe4
{[%clk 0:19:44]} e5 {[%clk 0:14:14]} 20. c5 {[%clk 0:12:36]} Be7 {[%clk 0:14:34]}
21. Rxf8+ {[%clk 0:06:22]} Bxf8 {[%clk 0:14:48]} 22. Rf1 {[%clk 0:06:48]} Be6
{[%clk 0:13:28]} 23. Qh5 {[%clk 0:07:13]} g6 {[%clk 0:11:36]} 24. Bxg6
{[%clk 0:07:39]} Qd7 {[%clk 0:07:56]} 25. Rf7 {[%clk 0:07:22]} Qxf7
{[%clk 0:07:56]} 26. Bxf7+ {[%clk 0:07:47]} Bxf7 {[%clk 0:08:19]} 27. Qg4+
{[%clk 0:07:40]} Bg6 {[%clk 0:07:38]} 28. h4 {[%clk 0:08:04]} Kh8
{[%clk 0:06:30]} 29. dxe5 {[%clk 0:08:27]} Bxc5+ {[%clk 0:06:51]} 30. Kh2
{[%clk 0:08:54]} 1-0